00367nam a2200157Ia 4500003000900000008004100009040001600050080001500066100001700081245002600098260003100124300001000155650001700165650001900182650000800201IN-BaIIA211028s9999 xx 000 0 eng d cIIA Library a523.7bYOU aYoung, C. A. 4aThe suncC. A. Young  aNewYorkbD. Appletonc1985 a363p. aAstrophysics aStellar system aSun